000 00243nam a22000857a 4500
008 160706b xxu||||| |||| 00| 0 eng d
100 _92329
_a Bhattacherjee, S
245 _aRemembering: Our Leaders
260 _aNew Delhi
_b National Book Trust
_c1989
999 _c2007
_d2007